Sociedad Agronómica de Chile: 1910-2010. Un siglo de compromisos con la innovación científica y tecnológica de la Agricultura
Guardado en:
| Formato: | Libro |
|---|---|
| Lenguaje: | español |
| Publicado: |
Santiago
Sociedad Agronómica de Chile
2012
|
| Materias: | |
| Etiquetas: |
Agregar Etiqueta
Sin Etiquetas, Sea el primero en etiquetar este registro!
|
MARC
| LEADER | 00000cam a2200000 a 4500 | ||
|---|---|---|---|
| 001 | UCF9435 | ||
| 003 | CL-VaPUC | ||
| 008 | 131125e20120000cl |||||||||||||||||spa|d | ||
| 020 | |a 9789569224003 | ||
| 082 | 0 | 4 | |a 630.09041 |b SOC |2 21 |
| 245 | 1 | 0 | |a Sociedad Agronómica de Chile: 1910-2010. Un siglo de compromisos con la innovación científica y tecnológica de la Agricultura |
| 300 | |a 137 p | ||
| 942 | |c BK | ||
| 945 | |d 20131125 03:22:00 |a dcastane | ||
| 260 | |a Santiago |b Sociedad Agronómica de Chile |c 2012 | ||
| 650 | 0 | |a Agricultura |9 255598 | |
| 650 | 7 | |a HISTORIA DE LA AGRICULTURA |2 CL-VaPUC |9 548152 | |
| 651 | 7 | |a CHILE |2 CL-VaPUC |9 571734 | |
| 583 | |a last modification |c 20131127 09:00:09 |k Rodrigo Vera | ||
| 999 | |c 353878 |d 353876 | ||
| 952 | |0 0 |1 0 |3 erd |4 0 |6 630_090410000000000_SOC_2012 |7 0 |8 A |9 459316 |a BIBAGR |b BIBAGR |i 5028639 |o 630.09041 SOC 2012 |p 5028639 |r 2025-01-20 |w 2019-11-23 |y BK |z Catalogado en:20131125 |k AGR | ||
| 952 | |0 0 |1 0 |3 erd |4 0 |6 630_090410000000000_SOC_2012 |7 0 |8 A |9 459317 |a BIBAGR |b BIBAGR |i 5425271 |o 630.09041 SOC 2012 |p 5425271 |r 2025-01-20 |w 2019-11-23 |y BK |z Catalogado en:20170922 |k AGR | ||